ბათუმის შოთა რუსთაველის სახელმწიფო უნივერსიტეტის ბიბლიოთეკა

Математические методы в инженерном деле. (ბიბ.ჩანაწერი № 38916)

000 -LEADER
fixed length control field 00662nam a2200205Ia 4500
001 - CONTROL NUMBER
control field 5336
003 - CONTROL NUMBER IDENTIFIER
control field GE_BSU
008 - FIXED-LENGTH DATA ELEMENTS--GENERAL INFORMATION
fixed length control field 181216s||||||||xx |||||||||||||| ||und||
040 ## - CATALOGING SOURCE
Transcribing agency GE_BSU
080 ## - UNIVERSAL DECIMAL CLASSIFICATION NUMBER
Universal Decimal Classification number 51
100 ## - MAIN ENTRY--PERSONAL NAME
Personal name Карман,Т. М. Био,.
245 ## - TITLE STATEMENT
Title Математические методы в инженерном деле.
245 ## - TITLE STATEMENT
Statement of responsibility, etc. Пер с английского М.Г. Шестопал. Под ред. А.М. Лопшица.
260 ## - PUBLICATION, DISTRIBUTION, ETC.
Place of publication, distribution, etc. М-Л
260 ## - PUBLICATION, DISTRIBUTION, ETC.
Name of publisher, distributor, etc. Гостехиздат
260 ## - PUBLICATION, DISTRIBUTION, ETC.
Date of publication, distribution, etc. 1946
300 ## - PHYSICAL DESCRIPTION
Extent 422 с. 22 см.
653 ## - INDEX TERM--UNCONTROLLED
Uncontrolled term Математические методы в инженерном деле.
942 ## - ADDED ENTRY ELEMENTS (KOHA)
Koha item type წიგნი
ეგზემპლარები
Withdrawn status Lost status Damaged status Not for loan Date acquired Barcode Date last seen Price effective from Koha item type
        2018-12-17 16388 2018-12-17 2018-12-17 წიგნი